Chappell Roan - Toutes les musiques - Statistiques

Statistiques générales
  • Ce quiz a été pris 55 fois
    6 depuis la dernière actualisation
  • Le résultat moyen est 14 sur 25
Statistiques - réponses
Hint Réponse % Correct
The Rise and Fall of a Midwest Princess 13 California
100%
The Rise and Fall of a Midwest Princess 5 Casual
100%
The Rise and Fall of a Midwest Princess 4 Coffee
100%
Singles 2024 Good Luck, Babe!
100%
The Rise and Fall of a Midwest Princess 14 Guilty Pleasure
100%
The Rise and Fall of a Midwest Princess 10 Kaleidoscope
100%
The Rise and Fall of a Midwest Princess 11 Pink Pony Club
100%
The Rise and Fall of a Midwest Princess 2 Red Wine Supernova
100%
Singles 2025 The Giver
100%
Singles 2025 The Subway
100%
The Rise and Fall of a Midwest Princess 7 HOT TO GO!
75%
The Rise and Fall of a Midwest Princess 8 My Kink Is Karma
75%
The Rise and Fall of a Midwest Princess 12 Naked in Manhattan
75%
The Rise and Fall of a Midwest Princess 1 Femininomenon
50%
The Rise and Fall of a Midwest Princess 9 Picture You
50%
The Rise and Fall of a Midwest Princess 3 After Midnight
25%
Singles 2018 School Nights
25%
School Nights 5 Bad For You
0%
Singles 2018 Bitter
0%
School Nights 1 Die Young
0%
School Nights 2 Good Hurt
0%
Singles 2020 Love Me Anyway
0%
School Nights 3 Meantime
0%
School Nights 4 Sugar High
0%
The Rise and Fall of a Midwest Princess 6 Super Graphic Ultra Modern Girl
0%
Aucun quiz correspondant
Distribution des résultats
% des personnes avec chaque résultat
Percentile par nombre de réponses
Votre historique - résultats
Vous n’avez pas pris ce quiz depuis la dernière actualisation